The Korean war (Record no. 21543)
[ view plain ]
| 000 -LEADER | |
|---|---|
| fixed length control field | 01162nam a2200289 a 4500 |
| 082 04 - DEWEY DECIMAL CLASSIFICATION NUMBER | |
| Classification number | 951.904/2 |
| 245 04 - TITLE STATEMENT | |
| Title | The Korean war |
| 260 ## - PUBLICATION, DISTRIBUTION, ETC. (IMPRINT) | |
| Place of publication | Westport, Conn. : |
| Name of publisher | Greenwood Press, |
| Year of publication | 1996. |
| 300 ## - PHYSICAL DESCRIPTION | |
| Number of Pages | ix, 460 p. |
| 650 #0 - SUBJECT ADDED ENTRY--TOPICAL TERM | |
| Topical Term | Korean War, 1950-1953. |
| 700 1# - ADDED ENTRY--PERSONAL NAME | |
| Personal name | Brune, Lester H. |
| 856 40 - ELECTRONIC LOCATION AND ACCESS | |
| Uniform Resource Identifier | http://site.ebrary.com/lib/rucke/Doc?id=5007307 |
No items available.
